[Event "40th Olympiad Open"]
[Site "Istanbul TUR"]
[Date "2012.09.04"]
[Round "7.14"]
[White "Neiksans, Arturs"]
[Black "Annaberdiev, Meilis"]
[Result "1-0"]
[WhiteTitle "GM"]
[BlackTitle "IM"]
[WhiteElo "2537"]
[BlackElo "2437"]
[WhiteTeam "Latvia"]
[BlackTeam "Turkmenistan"]
[WhiteFideId "11601388"]
[BlackFideId "14000563"]
[EventDate "2012.08.28"]

1. e4 c5 2. Nf3 e6 3. d4 cxd4 4. Nxd4 Nf6 5. Nc3 Nc6 6. Ndb5 Bb4 7. a3 Bxc3+ 8.
Nxc3 d5 9. exd5 exd5 10. Bd3 O-O 11. O-O d4 12. Ne2 Bg4 13. Bg5 Qd6 14. f3 Bh5
15. Qd2 Bg6 16. Rad1 Rad8 17. Bxg6 hxg6 18. Be3 Rfe8 19. Bf2 Nd5 20. c3 Na5 21.
Qd3 Qe5 22. Rfe1 Qc7 23. Nxd4 Rxe1+ 24. Rxe1 a6 25. Re4 Nf6 26. Re2 Nc4 27. Bh4
b5 28. Bxf6 gxf6 29. g3 a5 30. Kg2 Qc5 31. Ne6 Rxd3 32. Nxc5 Rd1 33. a4 Rd5 34.
Ne4 Kg7 35. b3 Nb6 36. axb5 Rxb5 37. Ra2 Rxb3 38. Rxa5 f5 39. Ng5 Rxc3 40. Ra7
Rc2+ 41. Kh3 Nd5 42. Rxf7+ Kg8 43. Ra7 Ne3 44. Ne6 Nf1 45. Kh4 Rc6 46. Rg7+ Kh8
47. Rxg6 Nxh2 48. f4 Nf1 49. Kg5 Nxg3 50. Kf6 Ne4+ 51. Kf7 Nd6+ 52. Kf8 Rc8+ 53.
Ke7 Ne4 54. Rg1 Ra8 55. Kf7 Ra7+ 56. Kg6 Ra6 57. Kxf5 Nd6+ 58. Kf6 Ne4+ 59. Ke5
Nd2 60. Rd1 Ra2 61. Rc1 Nf3+ 62. Kf6 Ra6 63. f5 Nd4 64. Kf7 Ra7+ 65. Kg6 1-0

[Event "40th Olympiad Open"]
[Site "Istanbul TUR"]
[Date "2012.09.04"]
[Round "7.14"]
[White "Atabayev, Maksat"]
[Black "Samolins, Vitalijs"]
[Result "1/2-1/2"]
[WhiteTitle "FM"]
[BlackTitle "IM"]
[WhiteElo "2402"]
[BlackElo "2404"]
[WhiteTeam "Turkmenistan"]
[BlackTeam "Latvia"]
[WhiteFideId "14001101"]
[BlackFideId "11602112"]
[EventDate "2012.08.28"]

1. e4 e5 2. Nf3 Nc6 3. Bb5 f5 4. d3 fxe4 5. dxe4 Nf6 6. Nc3 Bc5 7. O-O d6 8. Be3
Bxe3 9. fxe3 h6 10. Nh4 O-O 11. Ng6 Re8 12. Qf3 Kh7 13. Nh4 Rf8 14. Qg3 Ne7 15.
Nd5 Nh5 16. Rxf8 Qxf8 17. Qf3 Qxf3 18. gxf3 Nxd5 19. exd5 g5 20. Bd3+ Kg7 21.
Nf5+ Bxf5 22. Bxf5 Rf8 23. Be6 e4 24. fxe4 Nf6 25. e5 dxe5 26. c4 Ne4 27. b4 Kf6
28. Bh3 Nd2 29. c5 Nf3+ 30. Kh1 e4 31. b5 h5 32. Rd1 g4 33. Bf1 Rd8 34. a4 b6
35. d6 bxc5 36. dxc7 Rc8 37. Rd7 Ke6 38. Rh7 Kd6 39. Rxh5 Rxc7 40. Bc4 Ne5 41.
Rh6+ Kd7 42. Bd5 c4 43. Bxe4 c3 44. Bf5+ Ke8 45. a5 Nc4 46. b6 axb6 47. a6 Nxe3
48. Re6+ Kd8 49. a7 Rxa7 50. Rxe3 Rc7 51. Bc2 b5 52. Re4 Rc4 53. Rxc4 bxc4 54.
Kg2 Ke7 55. Kg3 Kf6 56. Kf4 Kg7 57. Kg5 Kh8 58. Kh6 Kg8 59. Bh7+ Kh8 60. Bf5 c2
61. Bxc2 c3 62. Bb3 c2 63. Bxc2 Kg8 64. Kg6 Kh8 65. Be4 Kg8 66. Bd5+ Kh8 67. Kf7
Kh7 68. Kf6 Kh8 69. Be4 Kg8 70. Bg6 Kh8 71. Bf7 Kh7 72. Be6 Kh8 73. Bf5 Kg8 74.
Kg6 Kh8 75. Kf7 g3 1/2-1/2

[Event "40th Olympiad Open"]
[Site "Istanbul TUR"]
[Date "2012.09.04"]
[Round "7.15"]
[White "Markus, Robert"]
[Black "Adly, Ahmed"]
[Result "0-1"]
[WhiteTitle "GM"]
[BlackTitle "GM"]
[WhiteElo "2599"]
[BlackElo "2602"]
[WhiteTeam "Serbia"]
[BlackTeam "Egypt"]
[WhiteFideId "921637"]
[BlackFideId "10601619"]
[EventDate "2012.08.28"]

1. d4 d5 2. c4 e6 3. Nc3 Nf6 4. cxd5 Nxd5 5. Nf3 c5 6. g3 Nc6 7. Bg2 Ndb4 8. e3
cxd4 9. exd4 Be7 10. O-O O-O 11. Be3 Qa5 12. a3 Nd5 13. Nxd5 exd5 14. Rc1 Qb5
15. Qc2 Be6 16. Bd2 Rac8 17. Bc3 a5 18. Rfe1 Bf6 19. Qd2 Qa4 20. h3 b5 21. b4
axb4 22. axb4 Qa7 23. Bf1 Qb6 24. Qd3 Rb8 25. Ne5 Rfc8 26. Ra1 Qc7 27. Ng4 Be7
28. Qd2 h5 29. Ne3 Ne5 30. dxe5 Qxc3 31. Qd1 d4 32. Ng2 Bxb4 33. Qxh5 d3 34.
Rad1 d2 35. Re4 Be7 36. Nf4 Bb3 37. e6 fxe6 38. Ng6 Bf6 39. Be2 Bxd1 40. Bxd1
Qd3 41. Rxe6 Rc1 42. Nf4 g6 43. Qg4 Qb1 0-1

[Event "40th Olympiad Open"]
[Site "Istanbul TUR"]
[Date "2012.09.04"]
[Round "7.15"]
[White "Ezat, Mohamed"]
[Black "Perunovic, Milos"]
[Result "0-1"]
[WhiteTitle "IM"]
[BlackTitle "GM"]
[WhiteElo "2453"]
[BlackElo "2614"]
[WhiteTeam "Egypt"]
[BlackTeam "Serbia"]
[WhiteFideId "10600906"]
[BlackFideId "921629"]
[EventDate "2012.08.28"]

1. d4 Nf6 2. Nf3 d5 3. e3 Bg4 4. c4 c6 5. Nc3 e6 6. h3 Bh5 7. g4 Bg6 8. Ne5 Nbd7
9. Nxg6 hxg6 10. Bd2 Bb4 11. Bd3 dxc4 12. Bxc4 Bxc3 13. Bxc3 Ne4 14. Qc2 Nxc3
15. Qxc3 Qf6 16. Qa3 Nb6 17. Be2 Nd5 18. Qa5 Kf8 19. Rh2 g5 20. O-O-O g6 21. Rf1
Kg7 22. Qd2 c5 23. dxc5 Rac8 24. Kb1 Rxc5 25. Rc1 Rxc1+ 26. Qxc1 Qe5 27. Rh1
Qe4+ 28. Ka1 Rc8 29. Qb1 Qe5 30. a3 a6 31. Rc1 Rh8 32. Bf1 b5 33. Qd3 b4 34. a4
a5 35. Bg2 Nf6 36. Ka2 Qh2 37. Qf1 Rd8 38. Rc5 Rd2 39. Rxa5 Qc7 40. Rb5 Qc3 0-1

[Event "40th Olympiad Open"]
[Site "Istanbul TUR"]
[Date "2012.09.04"]
[Round "7.15"]
[White "Popovic, Dusan"]
[Black "Labib, Ibrahim Hasan"]
[Result "1-0"]
[WhiteTitle "GM"]
[BlackTitle "IM"]
[WhiteElo "2579"]
[BlackElo "2429"]
[WhiteTeam "Serbia"]
[BlackTeam "Egypt"]
[WhiteFideId "927031"]
[BlackFideId "10600426"]
[EventDate "2012.08.28"]

1. e4 c6 2. d4 d5 3. e5 Bf5 4. c4 e6 5. Nc3 Ne7 6. a3 dxc4 7. Bxc4 Nd7 8. Nge2
Rc8 9. O-O Nb6 10. Bb3 Ned5 11. Ng3 Bg6 12. Nce4 Be7 13. h4 h5 14. Bg5 f6 15.
exf6 gxf6 16. Bd2 Nd7 17. Re1 Nf8 18. Qf3 Kd7 19. Bb4 Bxe4 20. Nxe4 f5 21. Nc3
Bxb4 22. axb4 Qxh4 23. Bxd5 cxd5 24. Nxd5 Rc6 25. Rxa7 exd5 26. Qxd5+ Kc7 27.
Qe5+ 1-0

[Event "40th Olympiad Open"]
[Site "Istanbul TUR"]
[Date "2012.09.04"]
[Round "7.16"]
[White "Van Wely, Loek"]
[Black "Cheparinov, Ivan"]
[Result "1/2-1/2"]
[WhiteTitle "GM"]
[BlackTitle "GM"]
[WhiteElo "2691"]
[BlackElo "2681"]
[WhiteTeam "Netherlands"]
[BlackTeam "Bulgaria"]
[WhiteFideId "1000268"]
[BlackFideId "2905540"]
[EventDate "2012.08.28"]

1. Nf3 Nf6 2. c4 g6 3. Nc3 d5 4. cxd5 Nxd5 5. g3 Bg7 6. Bg2 O-O 7. h4 Nxc3 8.
bxc3 h6 9. O-O Nc6 10. d4 Be6 11. Bf4 Qd7 12. Re1 Bc4 13. Nd2 Ba6 14. Qa4 e5 15.
Bxc6 Qxc6 16. Qxc6 bxc6 17. Bxe5 Bxe5 18. dxe5 Rfd8 19. Nb3 Rd5 20. f4 Bc4 21.
Kf2 Rb8 22. Nd4 Rb6 23. Reb1 Ra5 24. Rxb6 axb6 25. a3 Bd5 26. Ke3 c5 27. Nc2 Kf8
28. Kd2 Ra4 29. Ne1 Ke7 30. Nd3 Ra5 31. Nb2 Rb5 32. Kc1 c4 33. Nd1 Be4 34. a4
Ra5 35. Ne3 b5 36. Kb2 bxa4 37. Nxc4 Rb5+ 38. Kc1 Rb3 39. Kd2 Bc6 40. Na5 Rb2+
41. Kc1 Rb6 42. Nxc6+ Rxc6 43. Kc2 Ra6 44. Kd3 Ke6 45. Ra3 Kd5 46. e4+ Kc5 47.
g4 Ra8 48. g5 hxg5 49. hxg5 Kb5 50. f5 Rg8 51. e6 fxe6 52. f6 e5 53. Ra1 Ra8 54.
Rb1+ Kc5 55. Kc2 Kd6 56. Kb2 Kc5 57. Rf1 Kc4 58. f7 Rb8+ 59. Ka3 Rf8 60. Rf3 c5
61. Kb2 Rb8+ 62. Kc2 Rf8 63. Kb2 Rb8+ 64. Ka3 Rf8 65. Rf1 Kb5 66. Rf6 Kc4 67.
Rf1 Kb5 68. Kb2 Kc4 69. Kc2 Kb5 70. Kd3 Rd8+ 71. Kc2 Rf8 72. Rb1+ Kc6 73. Rf1
Kb5 1/2-1/2

[Event "40th Olympiad Open"]
[Site "Istanbul TUR"]
[Date "2012.09.04"]
[Round "7.16"]
[White "Stellwagen, Daniel"]
[Black "Nikolov, Momchil"]
[Result "1-0"]
[WhiteTitle "GM"]
[BlackTitle "GM"]
[WhiteElo "2630"]
[BlackElo "2563"]
[WhiteTeam "Netherlands"]
[BlackTeam "Bulgaria"]
[WhiteFideId "1006673"]
[BlackFideId "2905710"]
[EventDate "2012.08.28"]

1. e4 c5 2. Nf3 e6 3. d4 cxd4 4. Nxd4 a6 5. Bd3 Nf6 6. O-O Qc7 7. Qe2 d6 8. f4
Be7 9. c4 Nc6 10. Nxc6 bxc6 11. Nc3 Nd7 12. Be3 c5 13. Rad1 Bb7 14. Bc2 Rd8 15.
Qg4 O-O 16. Qh3 Rfe8 17. f5 exf5 18. Rxf5 Ne5 19. Rdf1 Bc8 20. Nd5 Qb7 21. b3
Bf8 22. Qg3 Bxf5 23. exf5 Nd7 24. Rf4 Re5 25. Be4 Qb8 26. Rg4 Kh8 27. Rh4 Be7
28. Nxe7 Rxe7 29. Rxh7+ Kxh7 30. f6+ g6 31. fxe7 Rh8 32. Qh3+ Kg7 33. Qxd7 d5
34. Qxd5 Qxh2+ 35. Kf1 Qg3 36. Ke2 Rh1 37. Bf2 Qb8 38. Qd8 1-0

[Event "40th Olympiad Open"]
[Site "Istanbul TUR"]
[Date "2012.09.04"]
[Round "7.17"]
[White "Blagojevic, Dragisa"]
[Black "Bartel, Mateusz"]
[Result "1-0"]
[WhiteTitle "GM"]
[BlackTitle "GM"]
[WhiteElo "2514"]
[BlackElo "2654"]
[WhiteTeam "Montenegro"]
[BlackTeam "Poland"]
[WhiteFideId "900885"]
[BlackFideId "1112635"]
[EventDate "2012.08.28"]

1. d4 Nf6 2. c4 g6 3. Nf3 Bg7 4. g3 O-O 5. Bg2 d6 6. O-O Nc6 7. Nc3 a6 8. e4 Bg4
9. Be3 Qc8 10. Qd2 Re8 11. d5 Bxf3 12. Bxf3 Ne5 13. Be2 c6 14. Rac1 e6 15. f3
cxd5 16. cxd5 Nc4 17. Bxc4 Qxc4 18. dxe6 Qxe6 19. Rfd1 Rad8 20. Bg5 Rd7 21. Kg2
h5 22. Bxf6 Qxf6 23. Rc2 g5 24. Nd5 Qg6 25. Qd3 g4 26. Re2 f5 27. exf5 Rxe2+ 28.
Qxe2 Qxf5 29. f4 Rf7 30. b3 Kh8 31. Qd3 Qe6 32. Kf2 Rf5 33. Ne3 Ra5 34. Rd2 h4
35. Qe2 Bc3 36. Nxg4 Qg6 37. Rc2 Rc5 38. Kg2 Rc8 39. Nf2 hxg3 40. hxg3 d5 41.
Qd3 Qc6 42. Qf3 b5 43. Nd3 Qd7 44. Qh5+ Kg8 45. Qg5+ Bg7 46. Rxc8+ Qxc8 47.
Qxd5+ Kh8 48. Nf2 Qc2 49. Qa8+ Kh7 50. Qe4+ 1-0

[Event "40th Olympiad Open"]
[Site "Istanbul TUR"]
[Date "2012.09.04"]
[Round "7.17"]
[White "Socko, Bartosz"]
[Black "Drasko, Milan"]
[Result "1-0"]
[WhiteTitle "GM"]
[BlackTitle "GM"]
[WhiteElo "2635"]
[BlackElo "2479"]
[WhiteTeam "Poland"]
[BlackTeam "Montenegro"]
[WhiteFideId "1107038"]
[BlackFideId "900397"]
[EventDate "2012.08.28"]

1. e4 e6 2. d4 d5 3. Nc3 Bb4 4. a3 Bxc3+ 5. bxc3 Ne7 6. Bd3 c5 7. exd5 exd5 8.
dxc5 Nd7 9. Nf3 Nxc5 10. O-O Nxd3 11. cxd3 O-O 12. Be3 Bg4 13. h3 Bxf3 14. Qxf3
Qd7 15. Rfb1 b6 16. a4 Rac8 17. Rb3 Nc6 18. Rb5 Rfd8 19. Re1 d4 20. cxd4 Nxd4
21. Bxd4 Qxd4 22. Re7 Rc1+ 23. Kh2 Qd6+ 24. Rbe5 Rf8 25. Qd5 Qf6 26. Qf3 Qxf3
27. gxf3 a5 28. Rb5 Rc6 29. Rb7 g6 30. R7xb6 Rxb6 31. Rxb6 Rd8 32. Rb5 Rxd3 33.
Kg3 h5 34. Rxa5 h4+ 35. Kg4 Rd4+ 36. f4 Rb4 37. Ra7 Kg7 38. Kg5 Rb2 39. f3 Rb3
40. Kg4 Rb4 41. a5 Ra4 42. Kg5 Ra3 43. Kg4 Ra4 44. Ra6 Kh6 45. Ra8 Kg7 46. Ra7
Ra3 47. Ra6 Kh6 48. f5 Ra4+ 49. f4 Rb4 50. fxg6 fxg6 51. Rb6 Ra4 52. a6 Kg7 53.
Kg5 Ra5+ 54. Kxh4 Kh6 55. Kg4 Ra4 56. h4 Ra5 57. Rc6 Kg7 58. Rc7+ Kh6 59. Ra7
Ra3 60. Ra8 Ra4 61. a7 Kg7 62. h5 gxh5+ 63. Kxh5 1-0

[Event "40th Olympiad Open"]
[Site "Istanbul TUR"]
[Date "2012.09.04"]
[Round "7.17"]
[White "Kosic, Dragan"]
[Black "Macieja, Bartlomiej"]
[Result "0-1"]
[WhiteTitle "GM"]
[BlackTitle "GM"]
[WhiteElo "2526"]
[BlackElo "2594"]
[WhiteTeam "Montenegro"]
[BlackTeam "Poland"]
[WhiteFideId "900290"]
[BlackFideId "1104306"]
[EventDate "2012.08.28"]

1. d4 Nf6 2. Nf3 d5 3. c4 e6 4. Nc3 dxc4 5. e4 Bb4 6. Bg5 c5 7. Bxc4 cxd4 8.
Nxd4 Bxc3+ 9. bxc3 Qa5 10. Bb5+ Nbd7 11. Bxf6 Qxc3+ 12. Kf1 gxf6 13. h4 a6 14.
Rh3 Qb4 15. Ba4 b5 16. Bb3 Bb7 17. Rc1 Rd8 18. Nxe6 fxe6 19. Qh5+ Kf8 20. Rg3
Bxe4 21. Bxe6 Qe7 22. Bb3 Ne5 23. Qh6+ Ke8 24. Rg7 Qd6 25. Re1 Bg6 26. h5 Bd3+
27. Kg1 Bc4 28. Bxc4 bxc4 29. f4 Qd4+ 30. Kh1 Rd6 31. Rb7 Qd2 32. Reb1 Qd1+ 0-1

[Event "40th Olympiad Open"]
[Site "Istanbul TUR"]
[Date "2012.09.04"]
[Round "7.18"]
[White "Ali Marandi, Cemil Can"]
[Black "Nguyen, Van Huy"]
[Result "0-1"]
[WhiteTitle "FM"]
[BlackTitle "IM"]
[WhiteElo "2362"]
[BlackElo "2506"]
[WhiteTeam "Turkey 2016"]
[BlackTeam "Vietnam"]
[WhiteFideId "6300529"]
[BlackFideId "12401064"]
[EventDate "2012.08.28"]

1. e4 c5 2. c3 d5 3. exd5 Qxd5 4. d4 Nf6 5. Nf3 e6 6. Na3 Qd8 7. Nc2 Nbd7 8. Bd3
Bd6 9. dxc5 Bxc5 10. O-O O-O 11. Bf4 Re8 12. Ne5 Nxe5 13. Bxe5 Nd7 14. Bg3 Qg5
15. Re1 Bb6 16. Qf3 Nc5 17. Bb5 Bd7 18. Bxd7 Nxd7 19. Qxb7 Nc5 20. Qf3 Rac8 21.
Qe2 e5 22. Rad1 h5 23. h4 Qg6 24. Kh2 f5 25. f3 f4 26. Bf2 e4 27. fxe4 Nxe4 28.
Bxb6 Nxc3 29. Qxe8+ Rxe8 30. Rxe8+ Kh7 31. bxc3 Qxe8 32. Bd4 Qe2 33. Re1 Qxc2
34. Re7 a5 35. Rxg7+ Kh6 36. a3 f3 37. Rg3 fxg2 38. Rxg2 Qa4 39. Rg7 Qxa3 40.
Ra7 a4 41. Kg3 Qb3 42. Kf4 Qb5 43. Ke4 Qc6+ 44. Kd3 Kg6 45. Ke3 Kf5 46. Rf7+ Kg4
47. Rf4+ Kh3 48. Bf6 a3 49. Rf3+ Kg4 50. Rf4+ Kg3 51. Be5 Kh3 52. c4 Qc5+ 53.
Bd4 Qxc4 54. Rf3+ Kxh4 55. Rf4+ Kh3 56. Rf3+ Kg2 57. Rf2+ Kh1 58. Rd2 a2 59. Kf2
Kh2 60. Kf3+ Kh3 61. Be5 Qg4+ 62. Ke3 Qg5+ 63. Bf4 Qg1+ 0-1

[Event "40th Olympiad Open"]
[Site "Istanbul TUR"]
[Date "2012.09.04"]
[Round "7.18"]
[White "Nguyen, Duc Hoa"]
[Black "Sanal, Vahap"]
[Result "1/2-1/2"]
[WhiteTitle "IM"]
[BlackTitle "FM"]
[WhiteElo "2505"]
[BlackElo "2387"]
[WhiteTeam "Vietnam"]
[BlackTeam "Turkey 2016"]
[WhiteFideId "12401358"]
[BlackFideId "6300545"]
[EventDate "2012.08.28"]

1. d4 Nf6 2. c4 e6 3. Nf3 b6 4. g3 Ba6 5. Qb3 Be7 6. Nc3 c6 7. e4 d6 8. Bg5 O-O
9. Bd3 e5 10. O-O h6 11. Bd2 Nbd7 12. Rfd1 Qc7 13. Bf1 exd4 14. Nxd4 Rfe8 15.
Qc2 Rad8 16. b3 Bb7 17. h3 Bf8 18. Re1 g6 19. Rad1 a6 20. Bg2 Qb8 21. Bc1 Qa8
22. Nf3 b5 23. Ba3 Ne5 24. Nxe5 dxe5 25. Bb2 Qa7 26. Rxd8 Rxd8 27. Rd1 Re8 28.
Rd3 Bc8 29. Nd1 b4 30. Kh2 Nd7 31. Ne3 Nc5 32. Rd2 Qc7 33. Qd1 h5 34. h4 Bg7 35.
Nc2 a5 36. Ne1 Bh6 37. Re2 f6 38. Bc1 Rd8 39. Qc2 Qg7 40. Bxh6 Qxh6 41. Nf3 Bg4
42. Rd2 Rxd2 43. Nxd2 Qf8 44. f3 Bc8 45. Nb1 Ne6 46. Qd3 Qc5 47. Nd2 Kg7 48. Kh1
Nd4 49. Nf1 Be6 50. Ne3 Qa7 51. Nc2 Nxc2 52. Qxc2 Qd4 53. Kh2 a4 54. Bf1 a3 55.
Kg2 f5 56. Bd3 f4 57. gxf4 exf4 58. e5 g5 59. Bh7 Qxe5 60. Qg6+ Kf8 61. hxg5
Qe2+ 62. Kg1 Qe1+ 63. Kh2 Qf2+ 64. Kh1 Qxf3+ 65. Kg1 Qe3+ 66. Kh1 Qc1+ 67. Kg2
Qd2+ 68. Kh1 Qe1+ 69. Kh2 Qe2+ 70. Kg1 Qe5 71. Qxh5 Qa1+ 72. Kf2 Qxa2+ 73. Kf3
Qxb3+ 74. Kxf4 Qxc4+ 75. Be4 Bd5 76. Qh8+ Ke7 77. Qe5+ Kd7 78. Qf5+ Kc7 79. Qe5+
Kb7 80. g6 a2 81. g7 Bxe4 82. Qe7+ Ka6 83. Qxe4 Qf7+ 84. Ke3 Kb5 85. Qd3+ Kb6
86. Qd4+ Kb5 87. Qd3+ Kb6 88. Qd4+ c5 89. Qd8+ Kb7 90. g8=Q Qxg8 91. Qxg8 a1=Q
92. Qd5+ Kb6 93. Qd6+ Kb7 94. Qd7+ Kb6 95. Qd6+ Kb5 96. Qd7+ 1/2-1/2

[Event "40th Olympiad Open"]
[Site "Istanbul TUR"]
[Date "2012.09.04"]
[Round "7.18"]
[White "Dastan, Muhammed Batuhan"]
[Black "Dao, Thien Hai"]
[Result "1-0"]
[WhiteTitle "FM"]
[BlackTitle "GM"]
[WhiteElo "2317"]
[BlackElo "2518"]
[WhiteTeam "Turkey 2016"]
[BlackTeam "Vietnam"]
[WhiteFideId "6300014"]
[BlackFideId "12400084"]
[EventDate "2012.08.28"]

1. e4 c5 2. Nf3 d6 3. d4 cxd4 4. Nxd4 Nf6 5. Nc3 a6 6. Bc4 e6 7. O-O Be7 8. Bb3
b5 9. Qf3 Qb6 10. Be3 Qb7 11. Qg3 O-O 12. Bh6 Ne8 13. Rad1 Bf6 14. Bg5 Bxd4 15.
Rxd4 Nc6 16. Rd2 Na5 17. f3 Nxb3 18. axb3 f6 19. Bf4 e5 20. Be3 Be6 21. Rfd1 Rc8
22. Qf2 Rf7 23. Nd5 Bxd5 24. Rxd5 b4 25. Bb6 Qc6 26. R1d2 Rb7 27. Ba5 Kf8 28. h3
Ke7 29. f4 exf4 30. Qxf4 Rb5 31. Kh2 Rcb8 32. c4 bxc3 33. Bxc3 Kf7 34. Qf5 h6
35. R2d3 Qc8 36. Rxb5 axb5 37. Qh5+ Ke7 38. Bb4 Qc6 39. e5 fxe5 40. Qxe5+ Kf7
41. Bxd6 Rb7 42. Bb4 Rd7 43. Qh5+ g6 44. Qf3+ 1-0

[Event "40th Olympiad Open"]
[Site "Istanbul TUR"]
[Date "2012.09.04"]
[Round "7.19"]
[White "Galego, Luis"]
[Black "Lupulescu, Constantin"]
[Result "0-1"]
[WhiteTitle "GM"]
[BlackTitle "GM"]
[WhiteElo "2495"]
[BlackElo "2614"]
[WhiteTeam "Portugal"]
[BlackTeam "Romania"]
[WhiteFideId "1900072"]
[BlackFideId "1207822"]
[EventDate "2012.08.28"]

1. e4 c6 2. Nc3 d5 3. Nf3 Bg4 4. h3 Bxf3 5. Qxf3 Nf6 6. e5 Nfd7 7. Qg3 e6 8. Be2
c5 9. Nb5 Nc6 10. f4 g6 11. c3 Qb6 12. b3 O-O-O 13. c4 d4 14. O-O a6 15. Na3 Be7
16. d3 g5 17. fxg5 Ncxe5 18. Bf4 Ng6 19. Bd2 f6 20. gxf6 Bxf6 21. Bf3 Rhg8 22.
Be4 Nh4 23. Qe1 Rxg2+ 24. Kh1 Rdg8 25. Bf4 e5 26. Bh2 Qe6 0-1

[Event "40th Olympiad Open"]
[Site "Istanbul TUR"]
[Date "2012.09.04"]
[Round "7.19"]
[White "Parligras, Mircea-Emilian"]
[Black "Pereira, Ruben"]
[Result "1/2-1/2"]
[WhiteTitle "GM"]
[BlackTitle "IM"]
[WhiteElo "2618"]
[BlackElo "2417"]
[WhiteTeam "Romania"]
[BlackTeam "Portugal"]
[WhiteFideId "1204297"]
[BlackFideId "1903063"]
[EventDate "2012.08.28"]

1. d4 Nf6 2. c4 e6 3. Nc3 Bb4 4. e3 O-O 5. Bd3 d6 6. Ne2 Nc6 7. O-O Bxc3 8. bxc3
e5 9. e4 h6 10. f4 exd4 11. cxd4 Re8 12. e5 dxe5 13. fxe5 Nxd4 14. Bb2 Nxe2+ 15.
Qxe2 Qe7 16. Rae1 Nh7 17. Kh1 Nf8 18. Bc1 Be6 19. Qe4 Rad8 20. Rf3 c5 21. Rg3
Rd4 22. Qf3 Qh4 23. Rf1 Rxd3 24. Qxd3 Bxc4 25. e6 f6 26. Qe3 Bxf1 27. e7 Bc4 28.
exf8=Q+ Rxf8 29. Qxc5 Bxa2 30. Qxa7 Bd5 31. Qa5 Qe4 32. h3 Qe5 33. Kh2 Rc8 34.
Bf4 Qxf4 35. Qxd5+ Kh7 36. Qxb7 Rc7 37. Qf3 Qxf3 38. Rxf3 Rc4 39. Kg3 h5 40. h4 1/2-1/2

[Event "40th Olympiad Open"]
[Site "Istanbul TUR"]
[Date "2012.09.04"]
[Round "7.19"]
[White "Ferreira, Jorge Viterbo"]
[Black "Marin, Mihail"]
[Result "1/2-1/2"]
[WhiteTitle "FM"]
[BlackTitle "GM"]
[WhiteElo "2338"]
[BlackElo "2548"]
[WhiteTeam "Portugal"]
[BlackTeam "Romania"]
[WhiteFideId "1910850"]
[BlackFideId "1200020"]
[EventDate "2012.08.28"]

1. e4 e6 2. d4 d5 3. Nc3 Bb4 4. a3 Bxc3+ 5. bxc3 dxe4 6. Qg4 Nf6 7. Qxg7 Rg8 8.
Qh6 Nbd7 9. a4 c5 10. a5 Qc7 11. Qd2 Qc6 12. Ne2 b5 13. dxc5 Qxc5 14. Ba3 Qd5
15. Nd4 Ba6 16. Rb1 Qa2 17. Qc1 b4 18. Rxb4 Bxf1 19. Rxf1 Nd5 20. Nb5 Nxb4 21.
Bxb4 Rb8 22. Nd6+ Ke7 23. Nb7+ Ke8 24. Nd6+ Ke7 25. Nb7+ Ke8 26. Nd6+ Ke7 27.
Nb7+ Ke8 28. Nd6+ Ke7 29. Nb7+ Ke8 30. Nd6+ Ke7 31. Nb7+ 1/2-1/2

[Event "40th Olympiad Open"]
[Site "Istanbul TUR"]
[Date "2012.09.04"]
[Round "7.19"]
[White "Vajda, Levente"]
[Black "Padeiro, Jose"]
[Result "1-0"]
[WhiteTitle "GM"]
[BlackTitle "FM"]
[WhiteElo "2612"]
[BlackElo "2354"]
[WhiteTeam "Romania"]
[BlackTeam "Portugal"]
[WhiteFideId "1203975"]
[BlackFideId "1901311"]
[EventDate "2012.08.28"]

1. e4 c6 2. d4 d5 3. e5 Bf5 4. Bd3 Bxd3 5. Qxd3 e6 6. Nf3 Qa5+ 7. Nbd2 Qa6 8. c4
Ne7 9. O-O Nd7 10. b3 c5 11. Bb2 Nc6 12. Qe3 dxc4 13. Nxc4 Nb4 14. Ng5 Be7 15.
dxc5 O-O 16. Ne4 Qc6 17. Rad1 Nd5 18. Qg3 Nxc5 19. Nf6+ Kh8 20. Nxd5 exd5 21.
Ne3 Rfd8 22. Qf3 d4 23. Qxc6 bxc6 24. Nf5 Bf8 25. Bxd4 Ne6 26. Be3 a5 27. Rxd8
Rxd8 28. Rc1 c5 29. Kf1 Rd5 30. Nd6 Bxd6 31. exd6 g5 32. d7 Rxd7 33. Bxc5 Rd2
34. a4 Rd3 35. b4 axb4 36. Bxb4 Kg7 37. a5 Rb3 38. Bd6 Rd3 39. Be5+ f6 40. Bc3
Rd6 41. Bb4 Ra6 42. Rd1 Rc6 43. Rd6 Rc1+ 44. Ke2 Nf4+ 45. Kd2 Ra1 46. a6 Ra2+
47. Kc3 Ne2+ 48. Kc4 1-0

[Event "40th Olympiad Open"]
[Site "Istanbul TUR"]
[Date "2012.09.04"]
[Round "7.20"]
[White "Beliavsky, Alexander G"]
[Black "Grandelius, Nils"]
[Result "1/2-1/2"]
[WhiteTitle "GM"]
[BlackTitle "GM"]
[WhiteElo "2609"]
[BlackElo "2562"]
[WhiteTeam "Slovenia"]
[BlackTeam "Sweden"]
[WhiteFideId "14602377"]
[BlackFideId "1710400"]
[EventDate "2012.08.28"]

1. d4 Nf6 2. c4 e6 3. g3 d5 4. Bg2 dxc4 5. Nf3 Bb4+ 6. Bd2 c5 7. Qc1 O-O 8. O-O
b5 9. a4 Bb7 10. axb5 a6 11. bxa6 Rxa6 12. Rxa6 Bxa6 13. Rd1 Qb6 14. Bc3 Nc6 15.
e3 Bxc3 16. Nxc3 cxd4 17. Nxd4 Ne5 18. Na4 Qb4 19. Nc6 Nxc6 20. Bxc6 Bb5 21.
Bxb5 Qxb5 22. Nc3 Qh5 23. Qd2 Ng4 24. f4 Qc5 25. Qd4 Qxd4 26. Rxd4 Nxe3 27. Re4
Nd5 28. Rxc4 Rb8 29. Nxd5 exd5 30. Rd4 Rxb2 31. Rxd5 1/2-1/2